000 00754cam a22002414a 4500
001 14062540
005 20180208031928.0
008 050803s2006 njua b 001 0 eng
010 _a 2005053450
020 _a0130994235
040 _aDLC
_cDLC
_dDLC
041 _aeng
042 _apcc
080 _a370.15
082 0 0 _a370.15 ORM
_222
100 1 _a46
101 _aEDU
245 1 0 _aEssentials of educational psychology /
_cJeanne Ellis Ormrod.
504 _aIncludes bibliographical references ( p. R-1-R-34) and indexes.
906 _a7
_bcbc
_corignew
_d1
_eocip
_f20
_gy-gencatlg
942 _2ddc
_cBK
999 _c42056
_d42056